000 01061nac a22003137a 4500
001 BR8004678
003 BR-BrBNA
005 20240105114747.0
008 230509b bl.|||m| |||| 00| 0 por d
040 _aBR-BrBNA
_bpor
_cBiblioteca Nacional de Agricultura
072 _aE70
090 _a8905 BR8004678
100 1 _aPereira, A.R.
100 1 _aPaula Junior, G.G. de
100 1 _aWinter, M.E.L.
110 1 _aSociedade de Investigacoes Florestais, Vicosa, MG (Brasil)
_99864
245 1 _aEstudos da viabilidade economica do transporte de carvao vegetal do vale do Jequitinhonha para Acesita, Minas Gerais [Brasil]
260 3 _aVicosa, MG (Brasil):
_c1980.
300 _a39 p.
490 _aBoletim Tecnico - Sociedade de Investigacoes Florestais (Brazil)
_v(Special Number)
_x
500 _a16 tables; 9 ref.
650 _aCARVAO VEGETAL
650 _aTRANSPORTE RODOVIARIO
650 _aCUSTO
650 _aVALE DO JEQUITINHONHA
650 _aMINAS GERAIS
909 _a202312
_bLúcia Elande
_c55
_dLúcia Elande
942 _2AGRIS
_n0
_cMS
999 _c271156
_d271156